Statistics for Države svijeta sa engleskog

Click here to take the quiz!

General Stats

  • This quiz has been taken 7 times
  • The average score is 103 of 196

Answer Stats

HintAnswer% Correct
AlbaniaAlbanija
100%
AndorraAndora
100%
AustriaAustrija
100%
BelgiumBelgija
100%
BelarusBjelorusija
100%
Bosnia and HerzegovinaBosna i Hercegovina
100%
BulgariaBugarska
100%
CroatiaHrvatska
100%
CzechiaČeška
75%
MontenegroCrna Gora
75%
DenmarkDanska
75%
EstoniaEstonija
75%
FinlandFinska
75%
FranceFrancuska
75%
GreeceGrčka
75%
NetherlandsHolandija
75%
IrelandIrska
75%
IcelandIsland
75%
ItalyItalija
75%
CyprusKipar
75%
KosovoKosovo
75%
LithuaniaLitvanija
75%
LuxembourgLuksemburg
75%
HungaryMađarska
75%
MaltaMalta
75%
MoldovaMoldavija
75%
MonacoMonako
75%
GermanyNjemačka
75%
NorwayNorveška
75%
PolandPoljska
75%
PortugalPortugalija
75%
RomaniaRumunija
75%
RussiaRusija
75%
San MarinoSan Marino
75%
North MacedoniaSjeverna Makedonija
75%
SlovakiaSlovačka
75%
SloveniaSlovenija
75%
SpainŠpanija
75%
SerbiaSrbija
75%
SwitzerlandŠvajcarska
75%
SwedenŠvedska
75%
United KingdomUjedinjeno Kraljevstvo
75%
UkraineUkrajina
75%
Vatican CityVatikan
75%
AlgeriaAlžir
50%
AngolaAngola
50%
ArgentinaArgentina
50%
AustraliaAustralija
50%
AzerbaijanAzerbejdžan
50%
BahamasBahami
50%
BangladeshBangladeš
50%
BarbadosBarbados
50%
BelizeBelize
50%
BeninBenin
50%
BotswanaBocvana
50%
BoliviaBolivija
50%
BrazilBrazil
50%
BruneiBrunej
50%
Burkina FasoBurkina Faso
50%
BurundiBurundi
50%
BhutanButan
50%
ChadČad
50%
ChileČile
50%
Democratic Republic of the CongoDemokratska Republika Kongo
50%
DominicaDominika
50%
Dominican RepublicDominikanska Republika
50%
DjiboutiDžibuti
50%
EgyptEgipat
50%
EcuadorEkvador
50%
Equatorial GuineaEkvatorijalna Gvineja
50%
El SalvadorEl Salvador
50%
EritreaEritreja
50%
EthiopiaEtiopija
50%
FijiFidži
50%
PhilippinesFilipini
50%
GabonGabon
50%
GambiaGambija
50%
GhanaGana
50%
GrenadaGrenada
50%
GuatemalaGvatemala
50%
GuineaGvineja
50%
HaitiHaiti
50%
HondurasHonduras
50%
IndiaIndija
50%
IraqIrak
50%
IranIran
50%
East TimorIstočni Timor
50%
IsraelIzrael
50%
JamaicaJamajka
50%
JapanJapan
50%
YemenJemen
50%
JordanJordan
50%
South KoreaJužna Koreja
50%
South SudanJužni Sudan
50%
South AfricaJužnoafrička Republika
50%
CambodiaKambodža
50%
CameroonKamerun
50%
CanadaKanada
50%
QatarKatar
50%
KazakhstanKazahstan
50%
KenyaKenija
50%
ChinaKina
50%
KyrgyzstanKirgistan
50%
ColumbiaKolumbija
50%
Republic of the CongoKongo
50%
Costa RicaKostarika
50%
CubaKuba
50%
KuwaitKuvajt
50%
LaosLaos
50%
LesothoLesoto
50%
LatviaLetonija
50%
LebanonLiban
50%
LiberiaLiberija
50%
LiechtensteinLihtenštajn
50%
MadagascarMadagaskar
50%
MalawiMalavi
50%
MaldivesMaldivi
50%
MalaysiaMalezija
50%
MaliMali
50%
MoroccoMaroko
50%
MauritaniaMauritanija
50%
MexicoMeksiko
50%
MicronesiaMikronezija
50%
MongoliaMongolija
50%
NauruNauru
50%
NepalNepal
50%
NigerNiger
50%
NigeriaNigerija
50%
NicaraguaNikaragva
50%
New ZealandNovi Zeland
50%
Ivory CoastObala Slonovače
50%
OmanOman
50%
PakistanPakistan
50%
PalauPalau
50%
PanamaPanama
50%
Papua New GuineaPapua Nova Gvineja
50%
ParaguayParagvaj
50%
PeruPeru
50%
RwandaRuanda
50%
Saudi ArabiaSaudijska Arabija
50%
SeychellesSejšeli
50%
SenegalSenegal
50%
Sierra LeoneSijera Leone
50%
SingaporeSingapur
50%
SyriaSirija
50%
United StatesSjedinjene Američke države
50%
North KoreaSjeverna Koreja
50%
SomaliaSomalija
50%
Sri LankaŠri Lanka
50%
SudanSudan
50%
Saint LuciaSveta Lucija
50%
TajikistanTadžikistan
50%
ThailandTajland
50%
TaiwanTajvan
50%
TanzaniaTanzanija
50%
TogoTogo
50%
Trinidad and TobagoTrinidad i Tobago
50%
TunisiaTunis
50%
TurkmenistanTurkmenistan
50%
TurkeyTurska
50%
UgandaUganda
50%
United Arab EmiratesUjedinjeni Arapski Emirati
50%
UruguayUrugvaj
50%
UzbekistanUzbekistan
50%
VenezuelaVenecuela
50%
VietnamVijetnam
50%
ZambiaZambija
50%
ZimbabweZimbabve
50%
Antigua and BarbudaAntigva i Barbuda
25%
AfghanistanAvganistan
25%
BahrainBahrein
25%
EswatiniEsvatini
25%
GeorgiaGruzija
25%
GuyanaGvajana
25%
Guinea-BissauGvineja Bisau
25%
IndonesiaIndonezija
25%
ArmeniaJermenija
25%
KiribatiKiribati
25%
ComorosKomori
25%
LibyaLibija
25%
Marshall IslandsMaršalska Ostrva
25%
MauritiusMauricijus
25%
MyanmarMijanmar
25%
MozambiqueMozambik
25%
NamibiaNamibija
25%
SamoaSamoa
25%
Solomon IslandsSolomonova Ostrva
25%
SurinameSurinam
25%
Saint Kitts and NevisSveti Kits i Nevis
25%
Saint Vincent and the GrenadinesSveti Vinsent i Grenadini
25%
TongaTonga
25%
TuvaluTuvalu
25%
Central African RepublicCentralna Afrička Republika
0%
São Tomé and PríncipeSao Tome i Prinsipe
0%
VanuatuVanuatu
0%
Cape VerdeZelenortska Ostrva
0%

Score Distribution

Percentile by Number Answered

Percent of People with Each Score

Your Score History

You have not taken this quiz